000 00724nam a22002537a 4500
001 BR9511303
003 BR-BrBNA
005 20230928094850.0
007 ta
008 230509b bl.||||| |||| 00| 0 por d
040 _aBR-BrBNA
_bpor
_cBiblioteca Nacional de Agricultura
041 _a(Por)
072 _aE14; E50
090 _ E14 BR9511303
110 1 _aAssociacao de Credito e Assistencia Rural do Estado de Mato Grosso, Cuiaba (Brasil)
_9464
245 1 _aPlano diretor 1966 [ASCAR-MT]
260 3 _aCuiaba, MT (Brasil):
_c1966.
300 _a36 p.
650 _aDesenvolvimento Agricola
650 _aDesenvolvimento Rural
650 _aMato Grosso
909 _a202309
_bLucia
_c55
_dLucia Elande
942 _cBK
999 _c53096
_d53096